| 000 | 00891nam a22002417a 4500 | ||
|---|---|---|---|
| 003 | DO-SdBNP | ||
| 005 | 20220504120359.0 | ||
| 008 | 110301s2019 dr a 000 0 spa d | ||
| 020 | _a9789945920314 | ||
| 040 |
_aDO-SdBNP _bspa _cBNPHU |
||
| 082 | 4 |
_axxxx _bxxx |
|
| 245 | 0 | 0 |
_aRecursos didácticos prácticos y dinámicos : _bpara favorecer el aprendizaje de personas jóvenes y adultas del Nivel Básico / _cAurelina Payano, Carmen Mireya Dionicio, Johanna Díaz Jiménez, Mercedes Liriano |
| 260 |
_aSanto Domingo : _bCentro Cultural Poveda, _c2019. |
||
| 300 |
_a125 p. : _bil. _c25 cm. |
||
| 504 | _aBibliografía p: 123-125 | ||
| 590 | _aInventariado, 2022/ YL | ||
| 700 | 1 | 2 |
_aPayano, Aurelina _981537 |
| 700 | 1 | 2 |
_aMireya Dionicio, Carmen _981538 |
| 700 | 1 | 2 |
_aDíaz Jiménez, Johanna _981539 |
| 700 | 1 | 2 |
_aLiriano, Mercedes _981540 |
| 910 | _aYLockward | ||
| 942 |
_2ddc _cLBS1 |
||
| 999 |
_c51636 _d51636 |
||